Visualizzazione normale
Vista MARC
- Ruiz Raul
di Personal Name
Records bibliografici associati: 1
001 - CONTROL NUMBER
- control field: 8118
003 - CONTROL NUMBER IDENTIFIER
- control field: IT-RoPau
005 - DATE AND TIME OF LATEST TRANSACTION
- control field: 20140108093350.0
008 - FIXED-LENGTH DATA ELEMENTS
- fixed length control field: 140108|| aca||aabn | a|a d
040 ## - CATALOGING SOURCE
- Original cataloging agency: IT-RoPau
- Transcribing agency: IT-RoPau
100 ## - HEADING--PERSONAL NAME
- Personal name: Ruiz Raul
- Dates associated with a name: Codice autore musica SPICS: 1780
- Relator term: Autore musica
- Name of part/section of a work: Rico Vacilon
670 ## - SOURCE DATA FOUND
- Source citation: Work cat.: (IT-RoPau)102749: AA.VV. 794, Tumbando cha cha cha e samba (Lp Vpas 901)